Álvarez (Record no. 170125)

MARC details
000 -LEADER
campo de control de longitud fija 00872nam a22002175i 4500
001 - NÚMERO DE CONTROL
campo de control 170125
003 - IDENTIFICADOR DE NÚMERO DE CONTROL
campo de control ES-MaACL
005 - FECHA Y HORA DE LA ÚLTIMA TRANSACCIÓN
campo de control 20251010170458.0
008 - DATOS DE LONGITUD FIJA--INFORMACIÓN GENERAL
campo de control de longitud fija 090204s1985 sp |||| | spa d
080 ## - NÚMERO DE LA CLASIFICACIÓN DECIMAL UNIVERSAL
Número de la Clasificación Decimal Universal 76 Álvarez, Francisco (083.824)
100 1# - ENTRADA PRINCIPAL--NOMBRE DE PERSONA
Nombre de persona Álvarez, Francisco.
9 (RLIN) 223313
245 10 - MENCIÓN DEL TÍTULO
Título Álvarez
Resto del título : obra gráfica : Ministerio de Cultura, Dirección General del Libro y Bibliotecas, Biblioteca Nacional, marzo 1986.
260 ## - PUBLICACIÓN, DISTRIBUCIÓN, ETC.
Lugar de publicación, distribución, etc. [Madrid] :
Nombre del editor, distribuidor, etc. Dirección General del Libro y Bibliotecas,
Fecha de publicación, distribución, etc. [1985]
300 ## - DESCRIPCIÓN FÍSICA
Extensión 47 p. :
Otras características físicas principalmente il. col. y n. ;
Dimensiones 25 cm.
600 17 - PUNTO DE ACCESO ADICIONAL DE MATERIA--NOMBRE DE PERSONA
Nombre de persona Álvarez, Francisco,
Fechas asociadas al nombre 1936-2024-
Subdivisión de forma Exposiciones
Fuente del encabezamiento o término
9 (RLIN) 139343
655 #7 - TERMINO DE INDIZACIÓN--GENERO/FORMA
Fuente del término tgfbne
9 (RLIN) 193628
Datos o término principal de género/forma Catálogos de exposiciones
710 2# - ENTRADA AGREGADA--NOMBRE DE ENTIDAD CORPORATIVA
Nombre de entidad corporativa o nombre de jurisdicción como elemento de entrada Biblioteca Nacional (España)
9 (RLIN) 2188
852 ## - LOCALIZACIÓN
Ubicación ES-MaACL
Número de control de estantería 2240-F-17
Sublocalización o colección R.122337
itemnumber 176782
Ubicación en estantería Depósito folletos
942 ## - ELEMENTOS DE ENTRADA SECUNDARIOS (KOHA)
Fuente del sistema de clasificación o colocación Clasificación decimal universal
Holdings
Estatus retirado Estado de pérdida Fuente del sistema de clasificación o colocación Estado de daño No para préstamo Colección Biblioteca de origen Biblioteca actual Ubicación en estantería Fecha de adquisición Total de préstamos Signatura topográfica completa Código de barras Visto por última vez Precio de reemplazo Tipo de ítem Koha
    Clasificación decimal universal     Colección de folletos Biblioteca del Ateneo de Madrid Biblioteca del Ateneo de Madrid Depósito folletos 04/02/2009   2240-F-17 1178609 23/02/2023 23/02/2023 Folleto